Grant : (Record no. 4034)
[ view plain ]
| 000 -CABECERA | |
|---|---|
| campo de control de longitud fija | 00824nam a2200229 a 4500 |
| 001 - NÚMERO DE CONTROL | |
| campo de control | 000004220 |
| 005 - FECHA Y HORA DE LA ÚLTIMA TRANSACCIÓN | |
| campo de control | 20200929151420.0 |
| 008 - DATOS DE LONGITUD FIJA--INFORMACIÓN GENERAL | |
| campo de control de longitud fija | 801007s1981 xxua b 001 0beng |
| 020 ## - NÚMERO INTERNACIONAL ESTÁNDAR DEL LIBRO | |
| Número Internacional Estándar del Libro | 0393300463 |
| 040 ## - FUENTE DE LA CATALOGACIÓN | |
| Centro catalogador/agencia de origen | DO-SdBNP |
| Lengua de catalogación | spa |
| Centro/agencia transcriptor | BNPHU |
| 082 ## - NÚMERO DE LA CLASIFICACIÓN DECIMAL DEWEY | |
| Número de clasificación | 923.173 |
| Número de documento/Ítem | G761M |
| 100 1# - ENTRADA PRINCIPAL--NOMBRE DE PERSONA | |
| Nombre de persona | McFeely, William S., |
| Fechas asociadas al nombre | 1930- |
| 9 (RLIN) | 12459 |
| 245 10 - MENCIÓN DE TÍTULO | |
| Título | Grant : |
| Resto del título | a biography / |
| Mención de responsabilidad, etc. | William S. McFeely. |
| 260 ## - PUBLICACIÓN, DISTRIBUCIÓN, ETC. | |
| Lugar de publicación, distribución, etc. | New York : |
| Nombre del editor, distribuidor, etc. | W. W. Norton & Company, |
| Fecha de publicación, distribución, etc. | 1981. |
| 300 ## - DESCRIPCIÓN FÍSICA | |
| Extensión | xiii, 592 p. : |
| Otras características físicas | il. ; |
| Dimensiones | 21 cm. |
| 504 ## - NOTA DE BIBLIOGRAFÍA, ETC. | |
| Nota de bibliografía, etc. | Bibliografía p. 561-575. |
| 500 ## - NOTA GENERAL | |
| Nota general | Incluye índice |
| 600 10 - PUNTO DE ACCESO ADICIONAL DE MATERIA--NOMBRE DE PERSONA | |
| Nombre de persona | GRANT, ULYSSES S. |
| Forma completa/desarrollada del nombre | (Ulysses Simpson), |
| Fechas asociadas al nombre | 1822-1885. |
| 9 (RLIN) | 12460 |
| 651 #4 - PUNTO DE ACCESO ADICIONAL DE MATERIA--NOMBRE GEOGRÁFICO | |
| Nombre geográfico | Estados Unidos |
| Subdivisión general | Historia |
| -- | Guerra Civil, |
| Subdivisión cronológica | 1861-1865 |
| 9 (RLIN) | 12461 |
| 651 #4 - PUNTO DE ACCESO ADICIONAL DE MATERIA--NOMBRE GEOGRÁFICO | |
| Nombre geográfico | Estados Unidos |
| Subdivisión general | Política Y Gobierno |
| Subdivisión cronológica | 1869-1877. |
| 9 (RLIN) | 12462 |
| 650 #4 - PUNTO DE ACCESO ADICIONAL DE MATERIA--TÉRMINO DE MATERIA | |
| Término de materia o nombre geográfico como elemento de entrada | Presidentes |
| Subdivisión geográfica | Estados Unidos |
| Subdivisión general | Biografía. |
| 9 (RLIN) | 3714 |
| Estado de retiro | Estado de pérdida | Restricciones de uso | No para préstamo | Código de colección | Localización permanente | Ubicación/localización actual | Ubicación en estantería | Fecha de adquisición | Número de inventario | Total de préstamos | Signatura topográfica completa | Código de barras | Fecha visto por última vez | Precio válido a partir de | Tipo de ítem Koha | Número de copia |
|---|---|---|---|---|---|---|---|---|---|---|---|---|---|---|---|---|
| Préstamo interno | Monografías: Libros y Folletos | General | General | En catalogación | 20.07.2009 | LF1 | 923.173 G761M | 4220-10 | 25.06.2020 | 25.06.2020 | Préstamo interno | |||||
| Extraviado | Excluido de préstamo | Monografías: Libros y Folletos | General | General | Extraviado | 04.04.2017 | LF1 | 923.173 G761M | 4220-20 | 25.06.2020 | 25.06.2020 | No se presta | e. 2 |
